[Event "50th-ITA-ch-Teams-2018"]
[Site "Gallipoli"]
[Date "2018.04.28"]
[Round "2"]
[White "Sgnaolin, Davide"]
[Black "Altini, Nicola"]
[Result "1-0"]
[WhiteElo "2275"]
[BlackElo "2426"]
[Annotator "TA"]
[PlyCount "77"]
[EventDate "2018.??.??"]
[EventType "team-tourn"]
[EventCountry "ITA"]
[SourceTitle "playchess.com"]
[Source "ChessBase"]
[SourceQuality "1"]

{[%evp 15,77,12,33,8,31,0,0,-5,0,-17,0,-23,-8,-29,-17,-25,-19,-17,0,-16,0,-26,0,0,103,88,92,94,539,523,718,718,718,701,1067,557,637,644,630,634,649,647,664,654,695,688,765,756,832,820,847,882,918,897,933,933,997,972,1168,1149,1345,1333,1221,1164]} 1. e4 e5 2. Nf3 Nc6 3. Bc4 Bc5 4. O-O Nf6 5. d3 O-O 6. a4 d6 7. c3 a6 8. Re1 {C54: Giuoco Piano: 4 c3 Nf6, main lines with 5 d4 and 5 d3} (8. h3 Ba7 9. Nbd2 h6 10. Re1 Ne7 11. Bb3 Ng6 12. d4 Re8 13. Bc2 Bd7 14. Nf1 c5 15. dxc5 dxc5 {1-0 (42) Anand,V (2776)-Nakamura,H (2787) Moscow 2018}) 8... Ba7 {LiveBook: 92 Games} 9. Bb3 Ne7 $146 ({Predecessor:} 9... h6 10. Nbd2 Be6 11. Bc2 Ng4 12. Re2 f5 13. Bb3 Bxb3 14. Qxb3+ Kh8 15. exf5 Na5 16. Qb4 Nxf2 17. Rxf2 Bxf2+ 18. Kxf2 c5 19. Qg4 Nc6 20. Ne4 Ne7 21. f6 {1-0 (21) Abdumalik,Z (2174)-Ayazmali,G (1624) Maribor 2012}) 10. Be3 {White is slightly better.} Bxe3 11. fxe3 Ng6 12. Nbd2 c6 13. d4 Qc7 14. Qc2 Bg4 15. Nf1 d5 16. Ng3 Rfe8 17. Nd2 {[%cal Bf3d2,Bd2e4,Be4f6][%mdl 32]} Rad8 18. Rf1 c5 19. exd5 {Strongly threatening Rxf6.} cxd4 (19... exd4 $11 20. e4 Qe7) 20. Rxf6 $16 gxf6 21. Nde4 Qb6 $2 {[%mdl 8192] [#]} (21... f5 $16 {is a better chance.} 22. Nf6+ Kf8) 22. a5 $18 {White is clearly winning.} Qa7 23. Nxf6+ Kh8 24. Nxg4 dxe3 25. Qe2 Nf4 26. Qxe3 Qxe3+ 27. Nxe3 Rg8 28. Rd1 h5 29. Ngf5 Rg5 30. Bc2 Rd7 31. Kf2 f6 32. c4 {[%cal Bc3c4,Bc4c5][%mdl 32]} Rg8 33. c5 Rgd8 34. d6 Ne6 35. b4 Rc8 36. Ba4 Rh7 37. Bb3 Nd8 38. Ne7 Rb8 39. N3f5 {Precision: White = 53%, Black = 18%.} 1-0

[Event "50th-ITA-ch-Teams-2018"]
[Site "Gallipoli"]
[Date "2018.04.28"]
[Round "2"]
[White "Carbone, Stefano"]
[Black "Loiacono, Leonardo"]
[Result "1/2-1/2"]
[WhiteElo "2101"]
[BlackElo "2266"]
[Annotator "NA RC"]
[PlyCount "89"]
[EventDate "2018.??.??"]
[EventType "team-tourn"]
[EventCountry "ITA"]
[SourceTitle "playchess.com"]
[Source "ChessBase"]
[SourceQuality "1"]
[TimeControl "40/5400+30:900+30"]

{[%evp 8,83,11,18,50,31,47,17,55,71,82,87,75,15,14,0,32767,32767,32767,32767,92,88,136,100,126,15,14,-24,-3,-2,-2,-13,-8,-12,0,-1,-5,0,0,0,0,-2,-4,-19,0,0,0,-6,0,-23,32767,-8,-8,32767,-8,-8,-8,32767,-37,32767,32767,32767,32767,-58,-20,32767,32767,32767,0,0,32767,32767,32767,32767,32767,32767,32767,0]} 1. Nf3 {[%emt 0:00:03]} Nf6 {[%emt 0:11:09]} 2. g3 {[%emt 0:00:27]} d5 {[%emt 0:00:40]} 3. Bg2 {[%emt 0:00:06]} c5 {[%emt 0:00:11]} 4. O-O {[%emt 0:00:09]} Nc6 {[%emt 0:00:10]} 5. d4 {[%emt 0:00:07]} Bf5 {[%emt 0:06:55]} 6. c4 {[%emt 0:04:15]} dxc4 {[%emt 0:05:04] D02: 1 d4 d5 2 Nf3 sidelines, including 2...Nf6 3 g3 and 2...Nf6 3 Bf4} 7. Qa4 {[%emt 0:00:52] LiveBook: 7 Games} (7. Ne5 Nxd4 8. Bxb7 Rb8 9. Bc6+ Nxc6 10. Nxc6 Qxd1 11. Rxd1 Rc8 12. Nxa7 Rc7 13. Nb5 Rd7 14. N1c3 Rxd1+ 15. Nxd1 {1-0 (73) Martin Sanchez,C (2427)-Timko,V (2416) ICCF email 2013}) 7... cxd4 {[%emt 0:10:09] [#]} 8. Nxd4 $1 {[%emt 0:01:57]} Qxd4 {[%emt 0:01:41]} 9. Bxc6+ {[%emt 0:00:05]} Bd7 {[%emt 0:00:04]} 10. Bxd7+ {[%emt 0:01:02]} (10. Rd1 $16 Bxc6 {[#]} 11. Qxc6+ $1 {[%mdl 512]} bxc6 12. Rxd4) 10... Qxd7 {[%emt 0:00:04]} 11. Qxc4 {[%emt 0:15:07]} e6 $146 {[%emt 0:01:29]} ({Predecessor:} 11... Rc8 12. Qb3 g6 13. Rd1 Qc6 14. Be3 {1-0 (27) Tiemann,T (2040)-Cubek,C (2024) Baden 2016}) 12. Nc3 {[%emt 0:01:41]} Rc8 {[%emt 0:00:47]} 13. Qb3 {[%emt 0:03:58]} h5 {[%emt 0:12:19]} (13... Bc5 $1 $11) 14. Rd1 {[%emt 0:09:39]} Qc6 {[%emt 0:01:07]} 15. Bg5 {[%emt 0:05:08]} Bc5 {[%emt 0:03:19] [#]} 16. Bxf6 {[%emt 0:11:49]} (16. Rac1 $1 $16) 16... gxf6 {[%emt 0:00:09]} 17. Qb5 {[%emt 0:00:04]} h4 {[%emt 0:02:29]} 18. Qxc6+ {[%emt 0:01:19]} Rxc6 {[%emt 0:00:04]} 19. Ne4 {[%emt 0:00:47]} hxg3 {[%emt 0:00:19]} 20. hxg3 {[%emt 0:00:13]} Ke7 {[%emt 0:03:08]} 21. Nxc5 {[%emt 0:01:17]} Rxc5 {[%emt 0:00:07]} 22. Rac1 {[%emt 0:00:24]} Rhc8 {[%emt 0:00:07]} 23. Rxc5 {[%emt 0:00:22]} Rxc5 {[%emt 0:00:05]} 24. Rd2 {[%emt 0:00:04]} f5 {[%emt 0:01:52]} 25. f4 {[%emt 0:02:53]} f6 {[%emt 0:02:45]} 26. Kf2 {[%emt 0:00:37]} e5 {[%emt 0:00:08]} 27. Kf3 {[%emt 0:06:27]} Ke6 {[%emt 0:01:35]} 28. Kf2 {[%emt 0:01:06]} a5 {[%emt 0:01:11]} 29. Kf3 {[%emt 0:01:48]} Rc4 {[%emt 0:00:35]} 30. Ke3 {[%emt 0:02:00]} b5 {[%emt 0:01:43]} 31. Kf3 {[%emt 0:09:49]} Rc1 {[%emt 0:03:00]} 32. Kf2 {[%emt 0:02:53]} b4 {[%emt 0:00:50]} 33. b3 {[%emt 0:00:59]} e4 {[%emt 0:02:38]} 34. e3 {[%emt 0:05:27]} Ra1 {[%emt 0:00:22]} 35. Kg2 {[%emt 0:04:19]} Kf7 {[%emt 0:00:25]} 36. g4 {[%emt 0:03:50]} fxg4 {[%emt 0:00:28]} 37. f5 {[%emt 0:00:05]} Kg7 {[%emt 0:08:59]} 38. Kg3 {[%emt 0:00:47]} Rg1+ {[%emt 0:00:07]} 39. Kf4 {[%emt 0:00:07]} g3 {[%emt 0:00:16]} 40. Kxe4 {[%emt 0:00:18]} Kh6 {[%emt 0:00:32]} 41. Kf4 {[%emt 0:09:00]} g2 {[%emt 0:05:32]} 42. Kg4 $11 {[%emt 0:03:37]} Kh7 {[%emt 0:06:30]} 43. e4 {[%emt 0:02:02]} Re1 {[%emt 0:00:49]} 44. Rxg2 {[%emt 0:00:01]} Rxe4+ {[%emt 0:00:01]} 45. Kf3 {[%emt 0:00:01]} 1/2-1/2

[Event "50th-ITA-ch-Teams-2018"]
[Site "Gallipoli"]
[Date "2018.04.28"]
[Round "2"]
[White "Bisi, Samuele"]
[Black "Godena, Michele"]
[Result "0-1"]
[WhiteElo "2081"]
[BlackElo "2507"]
[Annotator "TA"]
[PlyCount "44"]
[EventDate "2018.??.??"]
[EventType "team-tourn"]
[EventCountry "ITA"]
[SourceTitle "playchess.com"]
[Source "ChessBase"]
[SourceQuality "1"]

{[%evp 27,44,-92,-64,-81,-71,-59,-66,-102,-118,-118,-114,-180,-157,-175,-165,-175,-153,-596,-600]} 1. d4 d5 2. Nf3 Nf6 3. c4 dxc4 4. Nc3 c6 5. e4 b5 6. e5 Nd5 7. a4 e6 8. axb5 Nxc3 9. bxc3 cxb5 10. Ng5 Bb7 11. Qh5 g6 12. Qg4 Be7 13. Be2 Bd5 14. O-O {D15: Slav Defence: 4 Nc3 a6 and gambit lines after 4 Nc3 dxc4} (14. h4 h5 15. Qg3 Nc6 16. Bd1 a5 17. Bc2 Rg8 18. Ne4 b4 19. Bg5 Bxg5 20. hxg5 b3 21. Nd6+ Kf8 {½-½ (34) Ohtake,S (2617)-Spasov,V (2554) ICCF email 2003}) 14... Nc6 {LiveBook: 4 Games} 15. Ne4 h5 16. Qf4 {Black is better.} a5 {[%cal Ba7a5,Ba5a4][%mdl 32]} 17. Bf3 Kf8 18. h4 $146 ({Predecessor:} 18. h3 g5 19. Qe3 b4 20. Bb2 bxc3 21. Bxc3 Nb4 {0-1 (58) Jenkinson,S (2324)-Rowley,R (2000) ICCF email 2007}) 18... Kg7 19. g3 (19. Rd1 $17 {was worth a try.}) 19... b4 $19 20. Bb2 a4 21. cxb4 Nxb4 {Strongly threatening ...Nd3.} 22. Nc3 $2 {[#]} (22. Be2 $17) 22... Nd3 0-1

[Event "50th-ITA-ch-Teams-2018"]
[Site "Gallipoli"]
[Date "2018.04.28"]
[Round "3"]
[White "Vocaturo, Daniele"]
[Black "Collutiis, Duilio"]
[Result "1/2-1/2"]
[WhiteElo "2616"]
[BlackElo "2387"]
[Annotator "TA"]
[PlyCount "60"]
[EventDate "2018.??.??"]
[EventType "team-tourn"]
[EventCountry "ITA"]
[SourceTitle "playchess.com"]
[Source "ChessBase"]
[SourceQuality "1"]

{[%evp 22,60,51,33,47,50,48,12,12,0,12,8,46,38,36,47,45,41,162,168,169,175,160,181,290,303,275,265,370,0,0,0,0,0,0,0,0,0,0,0,0]} 1. e4 c5 2. Nf3 e6 3. d4 cxd4 4. Nxd4 Nc6 5. Nc3 Qc7 6. f4 a6 7. Nxc6 Qxc6 8. Bd3 b5 9. Qe2 Bb7 10. Bd2 Rc8 {B47: Sicilian: Taimanov: 5 Nc3 Qc7 6 f4, 6 g3 and 6 Be2} 11. a3 Bc5 12. O-O-O {LiveBook: 13 Games} Nf6 $146 {White is slightly better.} ({Predecessor:} 12... Ne7 13. Rhf1 b4 14. axb4 Bxb4 15. f5 Qc5 16. Qg4 Qd4 17. Qg3 Bd6 18. Bf4 Bxf4+ 19. Qxf4 {1-0 (40) Li,C (2711)-Gajewski,G (2643) Germany 2015}) 13. Rhe1 O-O 14. Kb1 (14. e5 $5 {[%cal Re5f6]} Nd5 15. Ne4 $11 (15. Nxd5 Qxd5 16. Qe4 g6 $11)) 14... b4 15. axb4 Bxb4 16. Na2 Be7 17. e5 $36 {[%mdl 2048] White fights for an advantage.} Nd5 18. f5 exf5 19. Bxf5 g6 ({Black should try} 19... Rb8 $14) 20. Be4 $18 {aiming for Bh6.} Qb6 21. Bh6 $1 {[%cal Rh6f8]} Ba3 {[%csl Ga3][%cal Rb6b2] [#]} 22. b3 $1 Nc3+ (22... Nb4 {keeps fighting.}) 23. Nxc3 Rxc3 24. Bxf8 (24. Rxd7 Bxe4 25. Ka1 (25. Qxe4 Rxb3+ 26. Ka2 Rb2+ 27. Kxa3 Rb8 $19) 25... Bxc2 $19) 24... Rxb3+ {[#]} 25. cxb3 $2 (25. Ka2 $1 $18 Re3 26. Bxa3 Rxe2 27. Rxe2) 25... Qxb3+ $11 {The position is equal.} 26. Ka1 Bxe4 27. Qd2 Bf5 28. Bxa3 Qxa3+ 29. Qa2 Qc3+ 30. Qb2 Qa5+ {Precision: White = 78%, Black = 38%.} 1/2-1/2

[Event "50th-ITA-ch-Teams-2018"]
[Site "Gallipoli"]
[Date "2018.04.28"]
[Round "3"]
[White "Sadzikowski, Daniel"]
[Black "Jobava, Baadur"]
[Result "1-0"]
[WhiteElo "2582"]
[BlackElo "2669"]
[Annotator "TA"]
[PlyCount "119"]
[EventDate "2018.??.??"]
[EventType "team-tourn"]
[EventCountry "ITA"]
[SourceTitle "playchess.com"]
[Source "ChessBase"]
[SourceQuality "1"]

{[%evp 9,119,21,54,45,47,33,43,37,49,45,46,45,45,27,38,50,50,18,27,24,25,8,37,30,46,42,47,41,62,62,68,54,54,54,54,49,57,56,51,37,37,37,63,45,42,0,0,-55,0,-44,-12,-3,-12,-5,0,-20,-22,-23,-31,-41,72,67,79,78,212,0,0,0,0,0,61,0,0,0,91,101,148,134,156,147,137,153,198,168,201,224,181,162,391,374,357,321,425,402,379,305,456,454,432,424,551,544,612,604,604,601,556,556,29984,29982,29981,6127]} 1. c4 e6 2. d4 d5 3. Nc3 Bb4 4. Qa4+ Nc6 5. e3 Nge7 (5... Bd7 6. Qc2 Nce7 7. a3 Bxc3+ 8. Qxc3 Nf6 9. Nf3 O-O 10. Be2 c5 11. cxd5 Ne4 12. Qc2 exd5 13. dxc5 {½-½ (42) Sadzikowski,D (2548)-Zvjaginsev,V (2661) Minsk 2017}) 6. Nf3 {D31: Queen's Gambit Declined: Semi-Slav without ...Nf6 (+ Marshall Gambit and Noteboom) and Exchange Variation lines without ...Nf6} O-O 7. Bd2 a5 $146 ({Predecessor:} 7... a6 8. a3 Bxc3 9. Bxc3 Rb8 10. Bd3 dxc4 11. Qxc4 b6 12. O-O Bb7 {1-0 (42) Volodin,A (2491)-Iljin,T (2266) St Petersburg 2015}) 8. a3 {White is slightly better.} Bxc3 9. Bxc3 b6 10. cxd5 exd5 11. Be2 Ba6 12. Bxa6 Rxa6 13. O-O Ra7 14. Rac1 Qd7 15. Qc2 a4 16. Rfd1 (16. Ng5 {looks sharper.} g6 17. Rfe1 Rc8 18. Qe2 Raa8 19. Qf3) 16... f6 17. Ne1 Re8 18. Nd3 Ng6 19. Bb4 Re6 20. Rd2 Nd8 21. Qd1 Rc6 22. Rdc2 Rxc2 23. Qxc2 Ne6 24. Qd1 Ra8 25. h3 Qb5 26. f4 {Strongly threatening f5.} Nh4 $1 27. Rc3 Nf5 28. Kh2 (28. Qg4 $11 g6 29. Qf3) 28... Re8 (28... c5 $15 29. dxc5 Nxe3) 29. Nf2 g6 30. g4 Nh4 31. Rc2 Qd7 32. Nh1 c5 33. dxc5 bxc5 34. Be1 $1 {[%cal Re1h4]} (34. Bxc5 $2 d4 $1 $19 {[%mdl 512]}) 34... Nd4 (34... g5 $15 {stays ahead.} 35. Bxh4 gxh4) 35. Bxh4 $16 ({Don't go for} 35. exd4 $2 Rxe1 36. Qd3 Qe6 $19) 35... Nxc2 36. Qxc2 d4 (36... Qd6 $16) 37. exd4 $2 (37. Qxc5 dxe3 38. Be1 Qe6 $14) (37. Bxf6 $18 {aiming for exd4.} dxe3 38. Qe2) 37... Qxd4 $11 38. Bf2 Qxf4+ 39. Ng3 Rb8 ({Black should play} 39... Rd8 $11 40. Qxc5 Rd2) 40. Kg2 (40. Bxc5 $14 Rb3 41. Bf2) 40... Rb3 41. Be1 {And now Bc3 would win.} Re3 {[#]} (41... Qf3+ $1 $11 {keeps the balance.} 42. Kh2 Re3) 42. Qf2 $1 $16 {[%cal Rf2f4]} Qd4 43. Bc3 $1 $36 {[%cal Rc3d4][%mdl 2048] White has strong initiative.} Qd5+ 44. Kh2 Rf3 45. Qe2 Rf4 46. Qe8+ Kg7 {( -> ...Rf2+)} 47. Qe3 Qd6 48. g5 $1 Rd4 $2 (48... Kf7 49. Bxf6 (49. gxf6 Rh4 $18) 49... Rf5) 49. gxf6+ $18 Kxf6 50. Kg2 {Hoping for Ne4+.} Kf7 51. Bxd4 cxd4 52. Qf3+ Kg7 (52... Ke7 $142 53. Qe4+ Kf6) 53. Qb7+ Kh6 54. Qb5 d3 55. Ne4 Qd4 56. Qg5+ Kg7 57. Qe7+ Kh6 58. Qf8+ Kh5 59. Qf4 {[%csl Ge4][%cal Rf4g5]} Qd5 60. Kg3 {Precision: White = 61%, Black = 33%.} (60. Kh2 $142 Qxe4 61. Qxe4 Kh6 62. Qxa4 g5 63. b4 Kg6 64. b5 d2 65. b6) 1-0

[Event "50th-ITA-ch-Teams-2018"]
[Site "Gallipoli"]
[Date "2018.04.28"]
[Round "3"]
[White "Chatalbashev, Boris"]
[Black "Ashiku, Franc"]
[Result "1-0"]
[WhiteElo "2567"]
[BlackElo "2380"]
[Annotator "TA"]
[PlyCount "99"]
[EventDate "2018.??.??"]
[EventType "team-tourn"]
[EventCountry "ITA"]
[SourceTitle "playchess.com"]
[Source "ChessBase"]
[SourceQuality "1"]

{[%evp 17,99,31,32,32,17,21,88,72,102,100,111,100,101,96,100,62,70,46,47,58,51,39,200,203,197,178,195,187,184,173,174,0,187,0,156,143,125,54,64,0,210,210,171,176,256,244,251,103,108,120,108,43,564,561,704,691,808,725,1001,927,1531,987,1458,1366,1192,783,1355,1360,1316,1195,1227,1069,2028,2265,2111,1323,2447,2383,3395,3041,29978,29979,6218,3916]} 1. d4 d5 2. c4 e6 3. Nc3 Nf6 4. cxd5 exd5 5. Bg5 c6 6. Qc2 Be7 7. e3 Nbd7 8. Bd3 Nf8 9. O-O-O {D36: Queen's Gambit Declined: Exchange Variation: Main line (5 Bg5 c6 6 Qc2)} (9. Nf3 Ne6 10. Bh4 g6 11. O-O O-O 12. Rab1 Ng7 13. b4 a6 14. a4 Bf5 15. b5 axb5 16. axb5 Bxd3 17. Qxd3 Nf5 18. Bxf6 Bxf6 19. Ra1 Nd6 20. bxc6 bxc6 21. Ra6 Qc7 22. Rfa1 Qb7 23. Qe2 Rxa6 24. Qxa6 {½-½ (45) Tomashevsky,E (2713)-Sjugirov,S (2650) St Petersburg 2017}) 9... Ne6 {LiveBook: 4 Games} 10. Bxf6 Bxf6 11. f4 {The position is equal.} b6 $146 (11... Nc7 $11 {keeps the balance.}) ({Predecessor:} 11... Nc7 12. Re1 h6 13. Nf3 Bg4 14. Ne5 Bxe5 15. dxe5 Bd7 16. Kb1 Qe7 {1-0 (36) Livaic,L (2468)-Zupe,M (2260) Skopje 2018}) 12. Nf3 Bb7 13. g4 {[%cal Bg2g4,Bg4g5][%mdl 32]} g6 14. h4 {[%cal Bh2h4,Bh4h5][%mdl 32]} Qe7 15. g5 Bg7 16. h5 O-O-O $1 17. h6 Bf8 18. Ne5 $36 {[%mdl 2048] White is pushing.} Kb8 19. Kb1 f6 $2 {[#]} ({Black should try} 19... Qe8 $1 $14) 20. gxf6 $18 Qxf6 21. Rdf1 Nc7 22. f5 {[%cal Rf5g6,Bf4f5,Bf5f6][%mdl 32]} g5 23. Ng4 Qf7 24. Ne5 Qf6 25. Ng4 Qf7 $1 26. f6 {Strongly threatening Ne5.} Bd6 27. e4 (27. Qa4 $16) 27... Ne6 $14 28. exd5 (28. Ne2 $1 $14) 28... cxd5 $2 (28... Nxd4 $11 {and Black is okay.} 29. Qd2 cxd5) 29. Ne5 $18 Bxe5 30. dxe5 Nc5 (30... Rc8 $142) 31. Nb5 d4 32. Bc4 (32. Rhg1 $18 {and White stays clearly on top.}) 32... Bd5 $16 33. Bxd5 Qxd5 34. Nd6 (34. Rhg1 $16) 34... Nb7 $2 {[%mdl 8192]} (34... d3 $14 35. Qh2 d2) 35. Nxb7 $18 Kxb7 36. Qf5 d3 {Black hopes to continue with ...d2.} 37. e6 Qd4 38. e7 Rd5 39. Qf2 Qc4 40. Rc1 Qe4 41. Qd2 Rd6 42. Rhf1 Qe6 43. Rce1 Qf7 44. Qxg5 {[#] And now Qg7 would win.} d2 45. Rd1 Qc4 46. Qf5 Rd5 47. Qf3 Ka6 48. b3 Qc5 49. Qe2+ Kb7 50. e8=Q {Precision: White = 60%, Black = 37%.} 1-0

[Event "50th-ITA-ch-Teams-2018"]
[Site "Gallipoli"]
[Date "2018.04.28"]
[Round "3"]
[White "Vazquez Igarza, Renier"]
[Black "Valsecchi, Alessio"]
[Result "1-0"]
[WhiteElo "2558"]
[BlackElo "2510"]
[Annotator "TA"]
[PlyCount "79"]
[EventDate "2018.??.??"]
[EventType "team-tourn"]
[EventCountry "ITA"]
[SourceTitle "playchess.com"]
[Source "ChessBase"]
[SourceQuality "1"]

{[%evp 12,78,23,28,28,18,41,0,0,0,37,1,12,-71,-6,-13,0,0,26,20,30,16,20,20,21,22,21,22,37,33,28,27,43,40,50,45,43,42,177,182,178,178,206,214,212,159,229,148,302,124,120,114,164,118,695,696,629,591,987,963,883,867,29993,29994,29994,29995,29997,29998,29999]} 1. d4 Nf6 2. Nf3 e6 3. c4 d5 4. Nc3 Bb4 5. cxd5 exd5 6. Bg5 h6 7. Bh4 O-O {D38: Queen's Gambit Declined: Ragozin Defence (4 Nf3 Bb4)} 8. e3 Bf5 9. Be2 (9. Qb3 Bxc3+ 10. bxc3 Nbd7 11. Be2 c5 12. dxc5 g5 13. Nd4 Bg6 14. c6 bxc6 15. Nxc6 {½-½ (46) So,W (2792)-Karjakin,S (2753) Wijk aan Zee 2018}) 9... g5 {The position is equal.} 10. Bg3 Ne4 11. Qb3 Nc6 12. Ne5 $146 (12. Nd2 $11) ({Predecessor:} 12. Nd2 Bxc3 13. bxc3 Nxd2 14. Kxd2 Na5 15. Qb4 {0-1 (40) Smirnov,A (2543)-Ni,H (2670) chess.com INT 2018}) 12... Rb8 (12... Nxg3 $6 13. hxg3 Bxc3+ 14. bxc3 $14) (12... Bxc3+ $1 $17 13. bxc3 Na5) 13. Rd1 f6 14. Nf3 Kg7 15. Nd2 Bxc3 16. bxc3 Na5 17. Qb4 Nxg3 18. hxg3 b6 19. c4 Nxc4 20. Nxc4 dxc4 21. Qxc4 Qd6 22. O-O c6 23. Bf3 Rbc8 24. e4 {[%cal Be3e4,Be4f5][%mdl 32]} g4 (24... Be6 $14 25. Qa6 Rc7) 25. exf5 $18 gxf3 26. d5 $1 ({Don't take} 26. gxf3 $6 Qd5 $16) 26... cxd5 27. Qg4+ $1 Kh8 28. Rfe1 ({Don't play} 28. Qxf3 $6 Rfd8 $16) 28... fxg2 (28... Rfe8 $16 {was called for.} 29. gxf3 (29. Qxf3 Rxe1+ 30. Rxe1 Rd8 $16) 29... Rxe1+ 30. Rxe1 Qd7) 29. Kxg2 {Threatening mate with Rh1.} Qd7 $2 {[#]} (29... Rc7 $16 {is a better defense.} 30. Qg6 d4) 30. Re6 (30. Rh1 $1 $18 {[%cal Rh1h6] is the precise move to win.} Qg7 31. Qf4) 30... Qg7 $16 31. Qf3 {[%mdl 1024] White has strong compensation.} Rc2 32. a3 Qb7 $2 {[%mdl 8192]} (32... Rc5 $16 33. Rxd5 Rxd5 34. Qxd5 Rf7) 33. Rh1 $18 Kh7 34. Qg4 {Intending Rxh6+! and mate.} d4+ {[#]} 35. Re4 $1 {Rxh6+! would kill now.} Rg8 36. Qh4 {[%csl Gh1][%cal Rh4h6]} Kg7 37. Qxh6+ {White mates.} Kf7 38. Qh7+ Rg7 39. Qh5+ Kf8 40. Qe8# {Precision: White = 54%, Black = 34%.} 1-0

[Event "50th-ITA-ch-Teams-2018"]
[Site "Gallipoli"]
[Date "2018.04.28"]
[Round "3"]
[White "Dvirnyy, Danyyil"]
[Black "Stromboli, Carlo"]
[Result "1/2-1/2"]
[WhiteElo "2512"]
[BlackElo "2306"]
[Annotator "TA"]
[PlyCount "62"]
[EventDate "2018.??.??"]
[EventType "team-tourn"]
[EventCountry "ITA"]
[SourceTitle "playchess.com"]
[Source "ChessBase"]
[SourceQuality "1"]

{[%evp 20,62,40,35,34,29,31,17,34,24,34,26,34,25,32,39,39,29,87,70,88,81,108,92,102,85,76,79,118,35,45,34,46,14,23,-3,0,-14,-14,-16,-14,-30,0,0,0]} 1. e4 e5 2. Nf3 Nc6 3. Bb5 a6 4. Ba4 Nf6 5. O-O b5 6. Bb3 Bc5 7. a4 Bb7 8. d3 d6 9. Nc3 b4 10. Nd5 Nxd5 {C78: Ruy Lopez: Archangelsk and Möller Defences} (10... h6 11. Be3 Na5 12. Bxc5 dxc5 13. Ne3 Nxb3 14. cxb3 Nd7 15. Qe2 Qe7 16. Rac1 g6 17. Nc4 O-O-O 18. Qe3 Kb8 {½-½ (46) Petrolo,M (2591)-Szczepanski,Z (2549) ICCF email 2013}) 11. Bxd5 {[#] LiveBook: 8 Games. aiming for Ng5.} Na5 12. Bxb7 Nxb7 {White has an edge.} 13. c3 O-O $146 ({Predecessor:} 13... a5 14. d4 exd4 15. cxd4 Bb6 16. Be3 O-O 17. Qd3 c5 18. Rfd1 {1-0 (33) Lacunza,M (1892)-Feng,J (885) LSS email 2013}) 14. Bd2 a5 15. Qb3 bxc3 16. bxc3 Bb6 17. d4 Rb8 18. Qd5 exd4 (18... Re8 $11) 19. cxd4 $16 Qf6 20. Rab1 Rfe8 21. Bc3 Qe6 22. Nd2 Qd7 23. Nc4 Nd8 24. Qb5 (24. Bxa5 $16 Ne6 25. Bxb6) 24... Qxb5 $14 25. Rxb5 Rxe4 26. Rfb1 {[%cal Rc4b6]} Rc8 27. Nd2 Re8 28. Nc4 Ne6 29. Nxb6 cxb6 30. Bd2 Nxd4 31. Rxb6 Rc4 {Precision: White = 60%, Black = 51%.} 1/2-1/2

[Event "50th-ITA-ch-Teams-2018"]
[Site "Gallipoli"]
[Date "2018.04.28"]
[Round "3"]
[White "Rombaldoni, Denis"]
[Black "Zamengo, Fulvio"]
[Result "1-0"]
[WhiteElo "2486"]
[BlackElo "2324"]
[Annotator "TA"]
[PlyCount "105"]
[EventDate "2018.??.??"]
[EventType "team-tourn"]
[EventCountry "ITA"]
[SourceTitle "playchess.com"]
[Source "ChessBase"]
[SourceQuality "1"]

{[%evp 9,105,14,14,19,48,25,34,0,35,25,37,17,39,0,0,0,2,-7,-5,-5,-6,-4,-2,-9,11,6,8,0,0,0,0,-4,0,0,0,0,2,3,2,8,15,0,0,0,0,0,0,0,0,-10,22,16,16,23,66,78,70,76,104,0,0,0,0,-10,0,0,0,0,-8,-8,0,-16,-16,-16,-14,-16,-15,-16,-14,-20,-55,-43,-42,-45,75,57,233,233,1502,1312,1793,1516,2153,1472,1480,968,5122,2093]} 1. d4 Nf6 2. Nc3 e6 3. Bf4 b6 (3... Bb4 4. e3 Nd5 5. Nge2 Nxf4 6. exf4 O-O 7. a3 Be7 8. d5 Bf6 9. g4 exd5 10. Qxd5 c6 {1-0 (53) Jobava,B (2669)-Vakhidov,J (2578) Almaty 2016}) 4. e4 d5 5. exd5 exd5 6. Bb5+ $146 {A45: Trompowsky Attack} ({Predecessor:} 6. Nf3 Bb4 7. Bd3 O-O 8. O-O Bg4 9. Nb5 Na6 10. c3 Be7 11. Qa4 Bxf3 12. Qxa6 {½-½ (19) Krajcovic,B (2120)-Labar,E (2035) Slovakia 1993}) 6... Bd7 7. Bxd7+ Qxd7 8. Nf3 {White is slightly better.} Be7 9. O-O O-O $1 10. Qd3 c6 11. Ne5 Qb7 12. Rfe1 Re8 13. Re3 Nbd7 14. Rae1 Nxe5 15. Bxe5 Ng4 16. R3e2 Qd7 17. Bf4 Bb4 18. f3 Rxe2 19. Rxe2 Nf6 {[%cal Bg4f6,Bf6e8,Be8d6][%mdl 32]} 20. Be5 Ne8 21. Nd1 Bf8 22. Nf2 f6 23. Bf4 Nd6 24. g4 g6 25. b3 Re8 26. a4 Rxe2 27. Qxe2 Kf7 28. Kf1 Ne8 29. Nd3 Qe6 (29... Ng7 {is interesting.} 30. Qe3 Ne6 31. Bg3 Bd6 32. Kg2 a5) 30. Qxe6+ Kxe6 $11 {[%mdl 4096] Endgame KBN-KBN} 31. Bb8 a6 32. Ba7 $1 b5 33. Bc5 Bd6 34. Nb4 (34. Bxd6 $16 Kxd6 35. a5) 34... bxa4 35. bxa4 Bxh2 36. Nxc6 Nd6 37. Nb4 a5 38. Nd3 Nc4 $1 39. f4 $1 Ne3+ 40. Kf2 Nxg4+ 41. Kf3 h5 42. Bb6 Bg1 {Threatens to win with ...Ne3.} 43. Kg2 Be3 {...Bd2 is the strong threat.} 44. c3 $1 Bd2 {White must now prevent ...Ne3+.} 45. Bxa5 Ne3+ 46. Kf3 Nd1 (46... h4 $15 {keeps the upper hand.}) 47. Bb4 $16 Bxc3 $2 (47... Ne3 $1 $14) 48. Nc5+ $1 $18 Kf5 $2 {[#]} (48... Ke7 49. a5 Bxb4) 49. a5 $1 {[%cal Ba4a5,Ba5a6,Ba6a7][%mdl 32] White is clearly winning.} g5 50. fxg5 fxg5 {[#]} 51. a6 $1 g4+ 52. Ke2 g3 53. a7 {Precision: White = 72%, Black = 48%.} 1-0